000 nam a22 7a 4500
999 _c127031
_d127031
008 171005b xxu||||| |||| 00| 0 eng d
020 _a9781530021574
050 _aDT509.5.S192 2016
100 _aSampson, Jerry
_936699
245 _aNigeria history, precolonial history from year 1500
_bcivil war, slave trade, abolition of the slave trade, unification of Nigeria, the Yoruba wars, Government, politics, economy
_cJerry Sampson
260 _aAbidjan
_bSonit Education Academy
_c2016
300 _a280p. ;
_c23cm.
650 _aNigeria
_xHistory
_932554
942 _2lcc
_cMONOGRAPH